000
00317nam a2200133Ia 4500
008
191201s2008 xx 000 0 und d
082
_a
621.3192
_b
MID
100
_a
MITRA, Sanjit K
245
0
_a
Digital Signal Processing
260
_a
N.Delhi
_b
TMH
_c
2008
300
_a
916
650
_a
B.Tech(ECE)
942
_2
ddc
_c
BK
999
_c
3896
_d
3896